হযরত ওসমান / (Record no. 38066)
[ view plain ]
| 000 -LEADER | |
|---|---|
| fixed length control field | 01234nam a2200265 a 4500 |
| 001 - CONTROL NUMBER | |
| control field | 38066 |
| 003 - CONTROL NUMBER IDENTIFIER | |
| rucl marc code | BD-RjUL |
| 005 - DATE AND TIME OF LATEST TRANSACTION | |
| control field | 20211209052721.0 |
| 008 - FIXED-LENGTH DATA ELEMENTS--GENERAL INFORMATION | |
| fixed length control field | 160507s1969 bg a|||| b||| 00| 0 ben d |
| 020 ## - INTERNATIONAL STANDARD BOOK NUMBER | |
| Terms of availability | : TK. 4.00 |
| 035 ## - SYSTEM CONTROL NUMBER | |
| System control number | (BD-RjUL)38171 |
| 040 ## - CATALOGING SOURCE | |
| Original cataloging agency | BD-RjUL |
| Language of cataloging | ben |
| Transcribing agency | BD-RjUL |
| Modifying agency | BD-RjUL |
| 041 ## - LANGUAGE CODE | |
| Language code of text/sound track or separate title | ben |
| 082 ## - DEWEY DECIMAL CLASSIFICATION NUMBER | |
| Classification number | 297.648 |
| Author mark and year | BAH 1969 |
| Edition number | 23 |
| 100 ## - MAIN ENTRY--PERSONAL NAME | |
| Personal name | বরকতুল্লাহ, মুহম্মদ |
| 9 (RLIN) | 117845 |
| 245 10 - TITLE STATEMENT | |
| Title | হযরত ওসমান / |
| Statement of responsibility, etc. | মুহম্মদ বরকতুল্লাহ |
| 260 ## - PUBLICATION, DISTRIBUTION, ETC. (IMPRINT) | |
| Place of publication, distribution, etc. | ঢাকা : |
| Name of publisher, distributor, etc. | কেন্দ্রীয় বাঙলা-উন্নয়ন বোর্ড, |
| Date of publication, distribution, etc. | ১৯৬৯ |
| 300 ## - PHYSICAL DESCRIPTION | |
| Pagination | [১৮], ২২১ পৃ. : |
| Illustrations | চিত্র ; |
| Size | ২২ সেমি. |
| 490 ## - SERIES STATEMENT | |
| Series statement | খুুলাফায়ে রাশেদীন গ্রন্থমালা : |
| Volume/sequential designation | ৩ |
| 504 ## - BIBLIOGRAPHY, ETC. NOTE | |
| Bibliography, etc | গ্রন্থপঞ্জি সংযুক্ত |
| 600 ## - SUBJECT ADDED ENTRY--PERSONAL NAME | |
| Personal name | Hazrat Usman Ghani, |
| Titles and other words associated with a name | Caliph, |
| Dates associated with a name | 656. |
| General subdivision | Biography. |
| Personal name | হযরত ওসমান গণী |
| Titles and other words associated with a name | খলীফা |
| Dates associated with a name | ৬৫৬ |
| General subdivision | জীবনী |
| 830 ## - SERIES ADDED ENTRY--UNIFORM TITLE | |
| Uniform title | খুুলাফায়ে রাশেদীন গ্রন্থমালা : |
| Volume number/sequential designation | ৩ |
| 942 ## - ADDED ENTRY ELEMENTS (KOHA) | |
| Source of classification or shelving scheme | Dewey Decimal Classification |
| Koha item type | Books |
| Lost status | Source of classification or shelving scheme | Damaged status | Not for loan | Collection code | Permanent Location | Current Location | Shelving location | Date acquired | Source of acquisition | Cost, normal purchase price | Total Checkouts | Full call number | Date last seen | Copy number | Koha item type |
|---|---|---|---|---|---|---|---|---|---|---|---|---|---|---|---|
| Dewey Decimal Classification | Non-fiction | Central Library, University of Rajshahi | Central Library, University of Rajshahi | 02/01/1975 | Bangla Academy, Dhaka | 4.00 | B 297.648 BAH 1969 | 06/09/2015 | C-2 | Books | |||||
| Dewey Decimal Classification | Non-fiction | Central Library, University of Rajshahi | Central Library, University of Rajshahi | 02/01/1975 | Bangla Academy, Dhaka | 4.00 | B 297.648 BAH 1969 | 07/05/2016 | C-3 | Books | |||||
| Dewey Decimal Classification | Non-fiction | Central Library, University of Rajshahi | Central Library, University of Rajshahi | 02/01/1975 | Bangla Academy, Dhaka | 4.00 | B 297.648 BAH 1969 | 07/05/2016 | C-4 | Books | |||||
| Dewey Decimal Classification | Non-fiction | Central Library, University of Rajshahi | Central Library, University of Rajshahi | 16/05/1970 | Nawroge | 4.00 | B 297.648 BAH 1969 | 14/07/2016 | C-5 | Books | |||||
| Dewey Decimal Classification | Non-fiction | Central Library, University of Rajshahi | Central Library, University of Rajshahi | 16/05/1970 | Nawroge | 4.00 | B 297.648 BAH 1969 | 16/07/2016 | C-6 | Books | |||||
| Dewey Decimal Classification | Non-fiction | Central Library, University of Rajshahi | Central Library, University of Rajshahi | 02/01/1975 | Bangla Academy, Dhaka | 4.00 | B 297.648 BAH 1969 | 21/07/2016 | C-7 | Books | |||||
| Dewey Decimal Classification | Non-fiction | Central Library, University of Rajshahi | Central Library, University of Rajshahi | 02/01/1975 | Bangla Academy , Dhaka | 4.00 | B 297.648 BAH 1969 | 21/07/2016 | C-8 | Books | |||||
| Dewey Decimal Classification | Non-fiction | Central Library, University of Rajshahi | Central Library, University of Rajshahi | 02/01/1975 | Bangla Academy , Dhaka | 4.00 | B 297.648 BAH 1969 | 21/07/2016 | C-9 | Books | |||||
| Dewey Decimal Classification | Not For Loan | Non-fiction | Central Library, University of Rajshahi | Central Library, University of Rajshahi | Reading Room | 16/05/1970 | Nowrose | 4.00 | B 297.648 BAH 1969 | 05/12/2016 | C-1 | Books | |||
| Dewey Decimal Classification | Rare Books | Central Library, University of Rajshahi | Central Library, University of Rajshahi | 02/01/1975 | Bangla Academy, Dhaka | 4.00 | B 297.648 BAH 1969 | 30/01/2017 | C-10 | Books |